Violencia sexual : trata y explotación sexual de niñas y niños : modalidades, prevención, protección y restitución de derechos /

Guardado en:
Autor Principal: Navarro, María Alba.
Formato: Libro
Idioma:Spanish
Publicado: Córdoba : Alveroni Ediciones, 2013.
Edición:1a. ed.
Materias:
Etiquetas: Agregar Etiqueta
Sin Etiquetas, Sea el primero en etiquetar este registro!
LEADER 00630nam a22001815a 4500
001 DER.der014173
008 190926s2013####ag############000#0#spa#d
005 20260202102856.0
245 1 0 |a Violencia sexual : trata y explotación sexual de niñas y niños :  |b modalidades, prevención, protección y restitución de derechos /  |c María Alba Navarro. 
250 |a 1a. ed. 
260 |a Córdoba :  |b Alveroni Ediciones,  |c 2013. 
300 |a 432 p. 
020 |a 9789876430944 
100 1 |a Navarro, María Alba. 
653 |a VIOLENCIA SEXUAL 
653 |a ABUSO 
653 |a TRATA DE PERSONAS 
859 |a DERECHO  |b BIB. DERECHO  |h 345.025 55  |i NAV  |p 009418